| 000 | 00785nam a2200241Ia 4500 | ||
|---|---|---|---|
| 003 | GCL | ||
| 005 | 20240530104216.0 | ||
| 008 | 140319s9999 xx 000 0 ara d | ||
| 040 |
_aGCL / _cGCL |
||
| 082 | 0 | 4 |
_a810.9973 _bم ش |
| 100 | 1 | _aمحمد عبدالغنى حسن | |
| 245 | 1 | 0 |
_aالشعر العربى فى المهجر / _cمحمد عبدالغنى حسن |
| 300 | _a295 ص | ||
| 650 | 0 | 4 | _aجبران خليل جبران |
| 650 | 0 | 4 | _aاحمد زكى ابوشادى |
| 650 | 0 | 4 | _aتاريخ ونقد |
| 650 | 0 | 4 | _aايليا ابوماضى |
| 650 | 0 | 4 | _aالادب العربى - المهجر |
| 650 | 0 | 4 | _aالشعر العربى - المهجر |
| 650 | 0 | 4 | _aالمهاجرون فى الادب |
| 700 | 0 |
_aعزيز اباظة _eتصدير |
|
| 942 |
_2ddc _cBK |
||
| 999 |
_c45505 _d45505 |
||